000 00820nam a22002177a 4500
001 589
005 20250506084109.0
020 _a9780545341080
040 _aFISKH
_beng
050 _aPZ7
082 _a813.6
100 _aDami, Elisabetta
245 _aThea Stilton
_band the prince's emerald
260 _aNew York :
_bScholastic
_c2012.
300 _a157 pages ;
_c20 cm.
505 _aM
520 _a"When the Thea Sisters' friend Ashvin is in trouble, they rush to his aid--in India! Ashvin has been working to return the monkeys living in the big city to their natural jungle environment. But the monkeys have suddenly started stealing jewels! Can the Thea Sisters figure out who is behind this terrible theft?"--P. [4] of cover.
521 _a670
_bLexile
521 _aM
_bRaz-Plus
942 _2ddc
_cBK
_n0
999 _c589
_d589